Agricultural subsidy: The life saving support (Record no. 53962)

MARC details
000 -LEADER
fixed length control field 00328nam a2200121Ia 4500
100 ## - MAIN ENTRY--AUTHOR NAME
Personal name Chanda T K
245 #0 - TITLE STATEMENT
Title Agricultural subsidy: The life saving support
260 ## - PUBLICATION, DISTRIBUTION, ETC. (IMPRINT)
Name of publisher Indian Journal of Fertilisers
Year of publication 2007
300 ## - PHYSICAL DESCRIPTION
Number of Pages 16-Nov
650 ## - SUBJECT ADDED ENTRY--TOPICAL TERM
Topical Term Agricultural subsidy
942 ## - ADDED ENTRY ELEMENTS (KOHA)
Koha item type Journals
Holdings
Withdrawn status Lost status Damaged status Not for loan Home library Current library Shelving location Date acquired Serial Enumeration / chronology Koha item type
      Journals RRII Library RRII Library Agronomy 16/07/2007 Volume 3, Issue 2 Journals